000 00306nam a22001337a 4500
008 170413b xxu||||| |||| 00| 0 eng d
020 _a0683044699
041 _aeng
080 _211 ED
_a618
100 _a10
101 _aSHM
245 _aNOVAKS TEXBBOOK OF GYMECOLOGY
_cJONES.H.W
942 _2udc
_cBK
999 _c10643
_d10643